Qué es el estructuralismo?
Сохранить в:
| Главные авторы: | , , , , |
|---|---|
| Формат: | |
| Язык: | испанский |
| Опубликовано: |
Buenos Aires
Losada
1971
|
| Серии: | Biblioteca Filosófica
|
| Предметы: | |
| Метки: |
Добавить метку
Нет меток, Требуется 1-ая метка записи!
|
MARC
| LEADER | 00000nam a2200000 a 4500 | ||
|---|---|---|---|
| 001 | UCY8273 | ||
| 003 | CL-VaPUC | ||
| 008 | 950703e19710000AG |||||||||||||||||spa|d | ||
| 082 | 0 | 4 | |a 149.96 |b DUC |2 21 |
| 100 | 0 | |a Ducrot, Oswald |e author |9 339544 | |
| 700 | 0 | |a Todorov, Tzvetan |e author |9 339545 | |
| 700 | 0 | |a Sperber, Dan |e author |9 339546 | |
| 700 | 0 | |a Safouan, Moustafa |e author |9 339547 | |
| 700 | 0 | |a Wahl, Francois |e author |9 339548 | |
| 245 | 1 | 0 | |a Qué es el estructuralismo? |
| 300 | |a 474 p | ||
| 942 | |c BK | ||
| 945 | |d 19950703 00:00:00 |a rbrito | ||
| 260 | |a Buenos Aires |b Losada |c 1971 | ||
| 650 | 0 | |a Estructuralismo |9 265696 | |
| 650 | 0 | |a Escuelas filosóficas |9 266232 | |
| 650 | 0 | |a Filosofía |9 223554 | |
| 583 | |a last modification |c 19950703 00:00:00 |k Rodrigo Vera | ||
| 490 | 0 | |a Biblioteca Filosófica | |
| 999 | |c 235547 |d 235545 | ||
| 952 | |0 0 |1 0 |4 0 |6 149_960000000000000_DUC_1971 |7 0 |8 A |9 243052 |a BIBEDU |b BIBEDU |d 2019-11-18 |i 3098087 |l 4 |m 5 |o 149.96 DUC 1971 |p 3098087 |r 2025-03-04 |s 2025-01-13 |w 2019-11-18 |y BK |k FIL | ||
| 952 | |0 0 |1 0 |4 0 |6 149_960000000000000_DUC_1971 |7 0 |8 A |9 243053 |a BIBEDU |b BIBEDU |d 2019-11-18 |i 3367126 |o 149.96 DUC 1971 |p 3367126 |r 2019-11-18 |w 2019-11-18 |y BK |k LIT | ||
| 952 | |0 0 |1 0 |4 0 |6 149_960000000000000_DUC_1971 |7 0 |8 A |9 243054 |a FDOPOS |b BIBEDU |d 2019-11-18 |i 4271610 |l 1 |o 149.96 DUC 1971 |p 4271610 |r 2025-03-14 |s 2025-03-04 |w 2019-11-18 |y BK |k MLA | ||